Qué hacer por su niño con lesión cerebral (Registro nro. 80230)
[ vista simple ]
| 000 -ENCABEZADO | |
|---|---|
| Número de control [NR] | 00844nam a22002537a 4500 |
| 008 - DE LONGITUD FIJA DE DATOS DE ELEMENTOS - INFORMACIÓN GENERAL | |
| Elementos de longitud fija [NR] | 130821s1993 mx gr spa |
| 020 ## - NUMERO INTERNACIONAL NORMALIZADO PARA LIBROS [R] | |
| Número Internacional Normalizado del libro [NR] | 9681325575 |
| 040 ## - FUENTE DE CATALOGACION [NR] | |
| Agencia de catalogación original [NR] | Co-BoUCM |
| Idioma de catalogación [NR] | spa |
| 041 00 - CODIGO DE IDIOMA [R] | |
| Código de idioma para texto/pista de sonido o título separado [R] | Español |
| 060 ## - SIGNATURA TOPOGRAFICA DE LA BIBLIOTECA NACIONAL DE MEDICINA (NLM) [R] | |
| Número clasificador [R] | WS 107 |
| 100 1# - ASIENTO PRINCIPAL--NOMBRE PERSONAL [NR] | |
| Nombre personal [NR] | Doman, Glenn |
| ID Autoridad | 170372 |
| 245 00 - MENCION DE TITULO [NR] | |
| Título [NR] | Qué hacer por su niño con lesión cerebral |
| Mención de responsabilidad, etc. [NR] | Glenn Doman |
| 260 ## - PUBLICACION, DISTRIBUCION, ETC. (PIE DE IMPRENTA) [R] | |
| Lugar de publicación, distribución, etc. [R] | México D.F. (México) |
| Nombre del editor, distribuidor, etc. [R] | Diana |
| Fecha de publicación, distribución, etc. [R] | 1993 |
| 300 ## - DESCRIPCION FISICA [R] | |
| Extensión [R] | 418 páginas |
| 490 ## - MENCION DE SERIE [R] | |
| Mención de serie [R] | Serie la Revolución Pacífica |
| 500 ## - NOTA GENERAL [R] | |
| Nota general [NR] | Incluye índice |
| 650 04 - ASIENTO SECUNDARIO DE MATERIA - TERMINO TEMATICO [R] | |
| Término temático o nombre geográfico como elemento de entrada [NR] | Niños lesionados del cerebro |
| 9 (RLIN) | 20381 |
| 650 04 - ASIENTO SECUNDARIO DE MATERIA - TERMINO TEMATICO [R] | |
| Término temático o nombre geográfico como elemento de entrada [NR] | Parálisis cerebral en niños |
| 9 (RLIN) | 21067 |
| 650 04 - ASIENTO SECUNDARIO DE MATERIA - TERMINO TEMATICO [R] | |
| Término temático o nombre geográfico como elemento de entrada [NR] | Psicología |
| 9 (RLIN) | 8001 |
| 650 04 - ASIENTO SECUNDARIO DE MATERIA - TERMINO TEMATICO [R] | |
| Término temático o nombre geográfico como elemento de entrada [NR] | Síndrome de Down |
| 9 (RLIN) | 24458 |
| 650 04 - ASIENTO SECUNDARIO DE MATERIA - TERMINO TEMATICO [R] | |
| Término temático o nombre geográfico como elemento de entrada [NR] | Trastornos psicomotores |
| 9 (RLIN) | 25796 |
| 765 ## - ASIENTO DE IDIOMA ORIGINAL [R] | |
| Asiento principal [NR] | Título original : What to do about your brain injured child |
| 942 ## - ELEMENTOS DE ENTRADA AGREGADOS (KOHA) | |
| Tipo de ítem principal el descrito en 300a | Libro |
| Tema principal | Ciencias de la salud |
| Edición | 1 |
| Parte restante de la signatura top. | D666Q |
| Sistema de clasificación | NLM |
| Clasificación | WS 107 |
| Título oculto en OPAC | No |
| Fecha de último préstamo | Total préstamos | Total Renewals | Signatura topográfica | Código de barras | Última vez visto | Volúmen / Fascículo | Ejemplar | Price effective from | Tipo de ítem | Perdido | Sistema de clasificación | Dañado | No prestable | Tipo de ítem específico | Suprimido | Ubicación habitual | Ubicación actual | Localización | Fecha de creación | Forma de adquisición | Costo |
|---|---|---|---|---|---|---|---|---|---|---|---|---|---|---|---|---|---|---|---|---|---|
| 10/11/2025 | 39 | 14 | WS 107 D666Q | 200002980 | 12/12/2025 | 1a. Ed. | Ej.1 | 03/02/2013 | Libro | NLM | Libro | Quinta de Mutis | Quinta de Mutis | 2do piso | 28/02/2003 | Compra | 0.00 |